[Event "Budapest FS06 IM"]
[Site "Budapest"]
[Date "1995.??.??"]
[Round "7"]
[White "Aagaard, Jacob"]
[Black "Navarovszky, Laszlo"]
[Result "0-1"]
[WhiteElo "2245"]
[BlackElo "2295"]
[PlyCount "84"]
[EventDate "1995.06.??"]
[EventType "tourn"]
[EventRounds "11"]
[EventCountry "HUN"]
[EventCategory "2"]
[SourceTitle "EXT 1997"]
[Source "ChessBase"]
[SourceDate "1996.11.15"]
[SourceVersion "1"]
[SourceVersionDate "1996.11.15"]
[SourceQuality "1"]

1. e4 c6 2. d4 d5 3. Nc3 dxe4 4. Nxe4 Bf5 5. Ng3 Bg6 6. h4 h6 7. f4 e6 8. Nf3 Nd7 9. h5 Bh7 10. Bd3 Bxd3 11. Qxd3 Ngf6 12. Bd2 c5 13. 0-0-0 Qc7 14. dxc5 Bxc5 15. Ne5 Rd8 16. Qe2 0-0 17. Nd3 Bd6 18. Kb1 Nc5 19. Nxc5 Bxc5 20. Rdf1 Bd4 21. Bc1 Nd5 22. Rf3 Rfe8 23. Re1 Nf6 24. Ne4 Qc6 25. Nxf6+ Bxf6 26. Ref1 e5 27. fxe5 Rxe5 28. Qf2 Rxh5 29. g4 Rb5 30. Rb3 a6 31. a4 Rxb3 32. cxb3 Qe4+ 33. Ka2 Rc8 34. Re1 Qxg4 35. Rg1 Bd4 36. Qxf7+ Kxf7 37. Rxg4 Rxc1 38. Rxd4 Rc7 39. b4 g5 40. Rd6 Kg7 41. b5 axb5 42. axb5 Kh7 0-1

[Event "Budapest FS09 IM-B"]
[Site "Budapest"]
[Date "1995.??.??"]
[Round "3"]
[White "Egedi, Istvan"]
[Black "Navarovszky, Laszlo"]
[Result "1-0"]
[WhiteElo "2290"]
[BlackElo "2295"]
[PlyCount "67"]
[EventDate "1995.09.??"]
[EventType "tourn"]
[EventRounds "9"]
[EventCountry "HUN"]
[EventCategory "3"]
[SourceTitle "EXT 1997"]
[Source "ChessBase"]
[SourceDate "1996.11.15"]
[SourceVersion "1"]
[SourceVersionDate "1996.11.15"]
[SourceQuality "1"]

1. c4 Nf6 2. Nc3 g6 3. Nf3 Bg7 4. g3 0-0 5. Bg2 d6 6. 0-0 Nbd7 7. Rb1 e5 8. d3 Nh5 9. b4 f5 10. Ng5 Ndf6 11. c5 Qe7 12. Qb3+ Kh8 13. cxd6 cxd6 14. Nd5 Nxd5 15. Bxd5 Nf6 16. Nf7+ Kg8 17. Nxd6+ Nxd5 18. Nxc8 Raxc8 19. Qxd5+ Kh8 20. Qb3 b6 21. b5 Rfd8 22. Ba3 Qd7 23. Rbc1 h5 24. Rxc8 Rxc8 25. Rc1 Rxc1+ 26. Bxc1 h4 27. Qc4 f4 28. Kg2 h3+ 29. Kf3 Kh7 30. gxf4 Bh6 31. a4 Qb7+ 32. Qe4 Qf7 33. Qxe5 Qb3 34. Bb2 1-0

[Event "Budapest FS09 IM-B"]
[Site "Budapest"]
[Date "1995.??.??"]
[Round "7"]
[White "Farago, Sandor"]
[Black "Navarovszky, Laszlo"]
[Result "1/2-1/2"]
[WhiteElo "2360"]
[BlackElo "2295"]
[PlyCount "23"]
[EventDate "1995.09.??"]
[EventType "tourn"]
[EventRounds "9"]
[EventCountry "HUN"]
[EventCategory "3"]
[SourceTitle "EXT 1997"]
[Source "ChessBase"]
[SourceDate "1996.11.15"]
[SourceVersion "1"]
[SourceVersionDate "1996.11.15"]
[SourceQuality "1"]

1. d4 Nf6 2. c4 e6 3. Nc3 Bb4 4. e3 0-0 5. Nf3 d5 6. Bd3 dxc4 7. Bxc4 b6 8. 0-0 Bb7 9. a3 Bxc3 10. bxc3 Nbd7 11. Bb2 c5 12. Rc1 1/2-1/2

[Event "Budapest FS09 IM-B"]
[Site "Budapest"]
[Date "1995.??.??"]
[Round "5"]
[White "Galyas, Miklos"]
[Black "Navarovszky, Laszlo"]
[Result "1-0"]
[WhiteElo "2310"]
[BlackElo "2295"]
[PlyCount "67"]
[EventDate "1995.09.??"]
[EventType "tourn"]
[EventRounds "9"]
[EventCountry "HUN"]
[EventCategory "3"]
[SourceTitle "EXT 1997"]
[Source "ChessBase"]
[SourceDate "1996.11.15"]
[SourceVersion "1"]
[SourceVersionDate "1996.11.15"]
[SourceQuality "1"]

1. e4 c6 2. d4 d5 3. e5 Bf5 4. Nf3 e6 5. Be2 c5 6. Be3 Nc6 7. dxc5 Bg4 8. Nbd2 Nge7 9. c3 Ng6 10. Bd4 Qc7 11. 0-0 0-0-0 12. b4 Bxf3 13. Nxf3 Ncxe5 14. Qa4 Nxf3+ 15. Bxf3 Kb8 16. Rfe1 e5 17. Be3 Nh4 18. Be2 Be7 19. Rad1 Nf5 20. Bc1 Bf6 21. Qb3 Ne7 22. c4 d4 23. Bf3 Ng6 24. a4 Nh4 25. Be4 Be7 26. a5 f5 27. Bd5 a6 28. b5 axb5 29. a6 bxa6 30. cxb5 Qxc5 31. bxa6+ Qb4 32. a7+ Kxa7 33. Qa2+ Kb6 34. Bg5 1-0

[Event "HUN-chT 9596"]
[Site "Hungary"]
[Date "1995.??.??"]
[Round "2"]
[White "Horvath, Gyula"]
[Black "Navarovszky, Laszlo"]
[Result "1/2-1/2"]
[WhiteElo "2455"]
[BlackElo "2295"]
[PlyCount "78"]
[EventDate "1995.??.??"]
[EventType "team"]
[EventRounds "13"]
[EventCountry "HUN"]
[SourceTitle "EXT 2000"]
[Source "ChessBase"]
[SourceDate "1999.11.16"]
[SourceVersion "1"]
[SourceVersionDate "1999.11.16"]
[SourceQuality "1"]

1. c4 c5 2. Nf3 g6 3. d4 cxd4 4. Nxd4 Bg7 5. e4 Nc6 6. Be3 Nf6 7. Nc3 0-0 8. Be2 d6 9. 0-0 Bd7 10. Qd2 Rc8 11. f3 a6 12. Rac1 Re8 13. Rfd1 Ne5 14. Nd5 Bc6 15. Qb4 Ned7 16. Nb3 b5 17. Na5 bxc4 18. Nxc6 Rxc6 19. Nxf6+ Bxf6 20. Bxc4 Qb8 21. Qxb8 Nxb8 22. Rd2 Kg7 23. Rdc2 e6 24. Kf2 Rec8 25. b3 Nd7 26. Bd3 Rxc2+ 27. Rxc2 Rxc2+ 28. Bxc2 Bc3 29. Bd3 a5 30. Bb5 Nc5 31. Ke2 f5 32. exf5 gxf5 33. Kd1 e5 34. Kc2 Bb4 35. Bc4 Kf6 36. Bc1 Ne6 37. a3 Bc5 38. Bd5 Nf4 39. Bxf4 exf4 1/2-1/2

[Event "Budapest FS06 IM"]
[Site "Budapest"]
[Date "1995.??.??"]
[Round "2"]
[White "Navarovszky, Laszlo"]
[Black "Cao, Sang"]
[Result "1/2-1/2"]
[WhiteElo "2295"]
[BlackElo "2300"]
[PlyCount "73"]
[EventDate "1995.06.??"]
[EventType "tourn"]
[EventRounds "11"]
[EventCountry "HUN"]
[EventCategory "2"]
[SourceTitle "EXT 1997"]
[Source "ChessBase"]
[SourceDate "1996.11.15"]
[SourceVersion "1"]
[SourceVersionDate "1996.11.15"]
[SourceQuality "1"]

1. d4 Nf6 2. c4 e6 3. Nc3 Bb4 4. Nf3 b6 5. e3 Bb7 6. Bd3 0-0 7. 0-0 d5 8. cxd5 exd5 9. Ne2 Nbd7 10. Ng3 Ne4 11. a3 Be7 12. b4 f5 13. Bb2 Bd6 14. Ne5 Qe7 15. f4 g6 16. Rc1 Nxg3 17. hxg3 Nf6 18. Qb3 Kg7 19. Be2 Ne4 20. Bf3 Nxg3 21. Rfe1 Qh4 22. Qa4 Rfe8 23. b5 g5 24. Qb3 Rac8 25. fxg5 Qxg5 26. Qa4 Ra8 27. Qb3 Qh4 28. Bc3 a5 29. bxa6 Rxa6 30. Bb4 Re7 31. Bxd6 cxd6 32. Nd3 Ra8 33. Nf4 Rae8 34. Qxb6 Rxe3 35. Rxe3 Rxe3 36. Qxb7+ Re7 37. Qxe7+ 1/2-1/2

[Event "Budapest FS06 IM"]
[Site "Budapest"]
[Date "1995.??.??"]
[Round "6"]
[White "Navarovszky, Laszlo"]
[Black "Gerencer, Jozef"]
[Result "1/2-1/2"]
[WhiteElo "2295"]
[BlackElo "2210"]
[PlyCount "30"]
[EventDate "1995.06.??"]
[EventType "tourn"]
[EventRounds "11"]
[EventCountry "HUN"]
[EventCategory "2"]
[SourceTitle "EXT 1997"]
[Source "ChessBase"]
[SourceDate "1996.11.15"]
[SourceVersion "1"]
[SourceVersionDate "1996.11.15"]
[SourceQuality "1"]

1. d4 Nf6 2. c4 e6 3. Nc3 d5 4. Bg5 Be7 5. e3 Nbd7 6. Nf3 c6 7. cxd5 exd5 8. Bd3 0-0 9. 0-0 Re8 10. Qc2 h6 11. Bf4 Nf8 12. h3 Bd6 13. Be5 Ne6 14. Rab1 a5 15. a3 Ng5 1/2-1/2

[Event "Budapest FS10 IM-B"]
[Site "Budapest"]
[Date "1995.??.??"]
[Round "3"]
[White "Navarovszky, Laszlo"]
[Black "Hetey, Laszlo"]
[Result "1-0"]
[WhiteElo "2295"]
[BlackElo "2290"]
[PlyCount "87"]
[EventDate "1995.10.??"]
[EventType "tourn"]
[EventRounds "11"]
[EventCountry "HUN"]
[EventCategory "2"]
[SourceTitle "CBM 050 Extra"]
[Source "ChessBase"]
[SourceDate "1996.03.01"]
[SourceVersion "1"]
[SourceVersionDate "1996.03.01"]
[SourceQuality "1"]

1. Nf3 f5 2. b3 d6 3. d4 Nf6 4. g3 g6 5. Bg2 Bg7 6. Bb2 0-0 7. Nbd2 c6 8. 0-0 a5 9. a3 h6 10. e3 Nbd7 11. Qe2 d5 12. Nh4 Qe8 13. f4 b6 14. c4 Ba6 15. Rfc1 Ne4 16. Nhf3 e6 17. Qe1 Ndf6 18. Ne5 Nxd2 19. Qxd2 Ne4 20. Bxe4 fxe4 21. c5 Bxe5 22. dxe5 bxc5 23. Rxc5 a4 24. bxa4 Bc4 25. a5 g5 26. Qd1 gxf4 27. gxf4 Kh8 28. Kh1 Rg8 29. f5 exf5 30. Rxc4 dxc4 31. Qd6 Kh7 32. e6 Ra7 33. Qc5 Re7 34. Rd1 Rg5 35. Bf6 Rxe6 36. Bxg5 hxg5 37. Qxf5+ Qg6 38. Rd7+ Kh8 39. Qf8+ Qg8 40. Qc5 Rf6 41. Qe5 Qf8 42. a6 c3 43. a7 c2 44. Qxf6+ 1-0

[Event "HUN-chT"]
[Site "Hungary"]
[Date "1995.??.??"]
[Round "?"]
[White "Navarovszky, Laszlo"]
[Black "Konopka, Michal"]
[Result "1/2-1/2"]
[WhiteElo "2295"]
[BlackElo "2395"]
[PlyCount "49"]
[EventDate "1995.??.??"]
[EventType "team"]
[EventRounds "13"]
[EventCountry "HUN"]
[SourceTitle "EXT 1997"]
[Source "ChessBase"]
[SourceDate "1996.11.15"]
[SourceVersion "1"]
[SourceVersionDate "1996.11.15"]
[SourceQuality "1"]

1. d4 Nf6 2. c4 g6 3. Nf3 Bg7 4. g3 0-0 5. Bg2 d5 6. cxd5 Nxd5 7. 0-0 Nb6 8. Nc3 Nc6 9. a4 a5 10. Bf4 Be6 11. Nb5 Rc8 12. Rc1 h6 13. Rc5 Bd5 14. Re1 Bxf3 15. Bxf3 e5 16. Bd2 Nxd4 17. Bxb7 Rb8 18. Bg2 Ne6 19. Rc1 Nxa4 20. Qxa4 Qxd2 21. b3 c6 22. Bxc6 Rfc8 23. Rcd1 Qb2 24. Bd5 Rc5 25. Nd6 1/2-1/2

[Event "HUN-chT"]
[Site "Hungary"]
[Date "1995.??.??"]
[Round "?"]
[White "Tolnai, Tibor"]
[Black "Navarovszky, Laszlo"]
[Result "1-0"]
[WhiteElo "2470"]
[BlackElo "2295"]
[PlyCount "68"]
[EventDate "1995.??.??"]
[EventType "team"]
[EventRounds "13"]
[EventCountry "HUN"]
[SourceTitle "EXT 1997"]
[Source "ChessBase"]
[SourceDate "1996.11.15"]
[SourceVersion "1"]
[SourceVersionDate "1996.11.15"]
[SourceQuality "1"]

1. e4 c6 2. d4 d5 3. e5 Bf5 4. Nf3 e6 5. Be2 c5 6. 0-0 Nc6 7. c3 cxd4 8. cxd4 Nge7 9. Nc3 Bg4 10. Be3 Nf5 11. h3 Bxf3 12. Bxf3 Be7 13. Bg4 Nxe3 14. fxe3 0-0 15. Qf3 Qb6 16. Rf2 f5 17. exf6 Rxf6 18. Bxe6+ Kh8 19. Bf5 Raf8 20. Nxd5 Rxf5 21. Qxf5 Rxf5 22. Nxb6 Rxf2 23. Kxf2 axb6 24. Kf3 Kg8 25. Ke4 Kf7 26. a3 Bf6 27. Rf1 Ke7 28. Rf5 Kd7 29. b4 Ne7 30. Rf1 b5 31. Kd3 Nd5 32. e4 Nb6 33. Rf5 Nc4 34. Rxb5 Nb2+ 1-0

[Event "Budapest FS08 IM"]
[Site "Budapest"]
[Date "1993.??.??"]
[Round "7"]
[White "Dolgener, Tobias"]
[Black "Navarovszky, Laszlo"]
[Result "0-1"]
[WhiteElo "2235"]
[BlackElo "2320"]
[PlyCount "76"]
[EventDate "1993.08.??"]
[EventType "tourn"]
[EventRounds "13"]
[EventCountry "HUN"]
[EventCategory "2"]
[SourceTitle "CBM 036 Extra"]
[Source "ChessBase"]
[SourceDate "1993.11.01"]
[SourceVersion "1"]
[SourceVersionDate "1993.11.01"]
[SourceQuality "1"]

1. e4 c6 2. c4 e5 3. d4 d6 4. Nf3 Bg4 5. Be2 Nd7 6. Be3 Be7 7. Nc3 Ngf6 8. h3 Bxf3 9. Bxf3 0-0 10. 0-0 a6 11. Qe2 Re8 12. g3 b5 13. Rad1 Qa5 14. a3 exd4 15. Bxd4 Ne5 16. cxb5 axb5 17. Bg2 Bd8 18. f4 Nc4 19. Kh2 Rc8 20. g4 Nd7 21. g5 Bb6 22. Bxb6 Ndxb6 23. Rd3 b4 24. axb4 Qxb4 25. b3 Qxb3 26. Nd5 Qb5 27. Nxb6 Qxb6 28. Rc1 d5 29. Qc2 Ne3 30. Qd2 Nxg2 31. exd5 Nh4 32. d6 Rcd8 33. Re1 Rxe1 34. Qxe1 Qb2+ 35. Kg3 Nf5+ 36. Kf3 Nxd6 37. Qe7 Qb8 38. h4 c5 0-1

[Event "HUN-chT"]
[Site "Hungary"]
[Date "1993.??.??"]
[Round "?"]
[White "Monda, Laszlo"]
[Black "Navarovszky, Laszlo"]
[Result "0-1"]
[WhiteElo "2260"]
[BlackElo "2315"]
[PlyCount "114"]
[EventDate "1993.??.??"]
[EventType "team"]
[EventRounds "13"]
[EventCountry "HUN"]
[SourceTitle "TD"]
[Source "ChessBase"]
[SourceDate "1994.03.01"]
[SourceVersion "1"]
[SourceVersionDate "1994.03.01"]
[SourceQuality "1"]

1. Nf3 Nf6 2. d4 c5 3. c3 b6 4. Bg5 Bb7 5. e3 e6 6. Nbd2 h6 7. Bh4 Be7 8. h3 0-0 9. Bd3 Nc6 10. 0-0 d6 11. Bg3 a6 12. Rc1 Re8 13. Bb1 Bf8 14. Bh4 g5 15. Bg3 e5 16. dxe5 Nxe5 17. Nxe5 dxe5 18. Nf3 Qc7 19. Qe2 Qc6 20. Rfd1 c4 21. Qf1 Qc5 22. b4 Qc7 23. Bf5 b5 24. Qe2 a5 25. a3 axb4 26. axb4 Ra3 27. Qb2 Rb3 28. Qc2 Qc6 29. Rd2 Bg7 30. Rcd1 Qc7 31. Nd4 Ra3 32. e4 Qb6 33. Nf3 Bf8 34. Bxe5 Rxe5 35. Nxe5 Qc7 36. Nf3 Qf4 37. Rd8 Nxe4 38. Bxe4 Bxe4 39. Qd2 Qf6 40. Ne1 Rxc3 41. Rb8 Bd3 42. Qe3 Qd6 43. Rxb5 Rb3 44. Rb7 Qc6 45. Rb8 Be4 46. Qd4 Rxb4 47. Rd8 Rb1 48. Rxb1 Bxb1 49. Qa1 Qb7 50. Ra8 Qb4 51. Nf3 Bf5 52. Rd8 c3 53. Rd4 Qc5 54. Qc1 Kg7 55. Rd8 Kh7 56. Nxg5+ Kg6 57. Nf3 f6 0-1

[Event "Budapest FS07 IM-A"]
[Site "Budapest"]
[Date "1993.??.??"]
[Round "2"]
[White "Navarovszky, Laszlo"]
[Black "Kustar, Sandor"]
[Result "1/2-1/2"]
[WhiteElo "2320"]
[BlackElo "2335"]
[PlyCount "22"]
[EventDate "1993.07.??"]
[EventType "tourn"]
[EventRounds "11"]
[EventCountry "HUN"]
[EventCategory "2"]
[SourceTitle "EXT 1997"]
[Source "ChessBase"]
[SourceDate "1996.11.15"]
[SourceVersion "1"]
[SourceVersionDate "1996.11.15"]
[SourceQuality "1"]

1. c4 Nf6 2. g3 c5 3. Bg2 Nc6 4. Nc3 g6 5. e3 Bg7 6. Nge2 0-0 7. 0-0 d6 8. b3 Bd7 9. Bb2 a6 10. d4 cxd4 11. Nxd4 Rc8 1/2-1/2

[Event "HUN-chT"]
[Site "Hungary"]
[Date "1993.??.??"]
[Round "?"]
[White "Navarovszky, Laszlo"]
[Black "Palkovi, Jozsef"]
[Result "1/2-1/2"]
[WhiteElo "2315"]
[BlackElo "2405"]
[PlyCount "66"]
[EventDate "1993.??.??"]
[EventType "team"]
[EventRounds "13"]
[EventCountry "HUN"]
[SourceTitle "TD"]
[Source "ChessBase"]
[SourceDate "1994.03.01"]
[SourceVersion "1"]
[SourceVersionDate "1994.03.01"]
[SourceQuality "1"]

1. d4 Nf6 2. c4 e6 3. Nc3 c5 4. d5 exd5 5. cxd5 d6 6. e4 g6 7. Nf3 Bg7 8. Be2 0-0 9. Nd2 Na6 10. 0-0 Ne8 11. Nc4 f5 12. exf5 Bxf5 13. Ne3 Bd7 14. Ng4 Bxg4 15. Bxg4 Nac7 16. a4 Qe7 17. Ra3 Be5 18. g3 Qg7 19. Rb3 b6 20. Ne4 h6 21. Be3 Kh7 22. Qd2 Nf6 23. Nxf6+ Bxf6 24. Bf4 Rad8 25. Re1 c4 26. Rf3 g5 27. Qc2+ Kh8 28. Bc1 Nxd5 29. Qxc4 Ne7 30. Re6 Nc6 31. Rf5 Ne5 32. Qe2 Nxg4 33. Qxg4 Be5 1/2-1/2

[Event "Budapest FS08 IM"]
[Site "Budapest"]
[Date "1993.??.??"]
[Round "2"]
[White "Navarovszky, Laszlo"]
[Black "Tomcsanyi, Peter"]
[Result "1/2-1/2"]
[WhiteElo "2320"]
[BlackElo "2290"]
[PlyCount "26"]
[EventDate "1993.08.??"]
[EventType "tourn"]
[EventRounds "13"]
[EventCountry "HUN"]
[EventCategory "2"]
[SourceTitle "CBM 036 Extra"]
[Source "ChessBase"]
[SourceDate "1993.11.01"]
[SourceVersion "1"]
[SourceVersionDate "1993.11.01"]
[SourceQuality "1"]

1. d4 d5 2. c4 c6 3. cxd5 cxd5 4. Nc3 Nf6 5. Bf4 Nc6 6. e3 a6 7. Rc1 e6 8. Bd3 Bd6 9. Bxd6 Qxd6 10. f4 b5 11. Nf3 Bb7 12. Ne5 0-0 13. 0-0 Rac8 1/2-1/2

[Event "Budapest FS07 IM-A"]
[Site "Budapest"]
[Date "1993.??.??"]
[Round "6"]
[White "Navarovszky, Laszlo"]
[Black "Volkmann, Friedrich Karl"]
[Result "1/2-1/2"]
[WhiteElo "2320"]
[BlackElo "2320"]
[PlyCount "22"]
[EventDate "1993.07.??"]
[EventType "tourn"]
[EventRounds "11"]
[EventCountry "HUN"]
[EventCategory "2"]
[SourceTitle "EXT 1997"]
[Source "ChessBase"]
[SourceDate "1996.11.15"]
[SourceVersion "1"]
[SourceVersionDate "1996.11.15"]
[SourceQuality "1"]

1. c4 e5 2. g3 h5 3. Nc3 h4 4. gxh4 Qxh4 5. Nf3 Qh5 6. Rg1 d6 7. Rg5 Qh7 8. d3 Ne7 9. Rg3 Ng6 10. Qb3 Na6 11. Be3 Nh4 1/2-1/2

[Event "Budapest FS09 IM-B"]
[Site "Budapest"]
[Date "1993.??.??"]
[Round "?"]
[White "Navarovszky, Laszlo"]
[Black "Zak, Uriel"]
[Result "1/2-1/2"]
[WhiteElo "2320"]
[BlackElo "2285"]
[PlyCount "77"]
[EventDate "1993.09.??"]
[EventType "tourn"]
[EventRounds "9"]
[EventCountry "HUN"]
[EventCategory "2"]
[SourceTitle "EXT 1997"]
[Source "ChessBase"]
[SourceDate "1996.11.15"]
[SourceVersion "1"]
[SourceVersionDate "1996.11.15"]
[SourceQuality "1"]

1. d4 Nf6 2. c4 e6 3. Nc3 Bb4 4. Nf3 b6 5. e3 Bb7 6. Bd3 Ne4 7. 0-0 Bxc3 8. bxc3 0-0 9. Nd2 Nxd2 10. Bxd2 f5 11. f3 Nc6 12. Qc2 Na5 13. c5 d6 14. cxd6 Qxd6 15. c4 c5 16. d5 exd5 17. cxd5 Bxd5 18. Bxa5 bxa5 19. Bxf5 g6 20. Bd3 Qe5 21. Qxc5 Rfc8 22. Qd4 Qxd4 23. exd4 Rab8 24. Be4 Bxe4 25. fxe4 Rc4 26. Rad1 Rd8 27. Kf2 Rdxd4 28. Rxd4 Rxd4 29. Ke3 Rb4 30. g4 a4 31. g5 Rb2 32. Rf2 a3 33. h4 a5 34. e5 a4 35. e6 Rxf2 36. Kxf2 Kf8 37. Ke3 Ke7 38. Kd4 Kxe6 39. Ke4 1/2-1/2

[Event "HUN-chT"]
[Site "Hungary"]
[Date "1992.??.??"]
[Round "?"]
[White "Klaric, Zlatko"]
[Black "Navarovszky, Laszlo"]
[Result "1-0"]
[WhiteElo "2400"]
[BlackElo "2340"]
[PlyCount "101"]
[EventDate "1992.??.??"]
[EventType "team"]
[EventRounds "14"]
[EventCountry "HUN"]
[SourceTitle "EXT 2000"]
[Source "ChessBase"]
[SourceDate "1999.11.16"]
[SourceVersion "1"]
[SourceVersionDate "1999.11.16"]
[SourceQuality "1"]

1. d4 Nf6 2. Bg5 Ne4 3. Bf4 c5 4. f3 Nf6 5. d5 Qb6 6. e4 Qxb2 7. Nd2 Qc3 8. Rb1 Qa5 9. Rb5 Qd8 10. d6 b6 11. Nc4 e6 12. g4 Nc6 13. Ne3 Bb7 14. c3 g6 15. h4 Bg7 16. h5 0-0 17. Qd2 Ne8 18. Nd1 f6 19. hxg6 hxg6 20. g5 f5 21. exf5 Rxf5 22. Bd3 Rxf4 23. Qxf4 Ne5 24. Bb1 Nxd6 25. Rb2 Ndf7 26. Rg2 Qc7 27. Qg3 Qc6 28. Rh3 Qd5 29. Be4 Nd3+ 30. Kd2 Qxa2+ 31. Kxd3 Bxe4+ 32. fxe4 Qb1+ 33. Kd2 Qxe4 34. Qf3 Qxf3 35. Nxf3 a5 36. Ne3 a4 37. Kc2 b5 38. Ng4 b4 39. Nf6+ Kf8 40. Nxd7+ Ke7 41. Nxc5 Bxc3 42. Re2 Kf8 43. Nxe6+ Kg8 44. Nh4 a3 45. Nxg6 Re8 46. Kb3 Nxg5 47. Rhe3 Nxe6 48. Rxe6 Rd8 49. Rf2 Rd1 50. Ne7+ Kh7 51. Rg6 1-0